LEADER 02159nam 2200601 450 001 9910456606603321 005 20210628192534.0 010 $a1-4511-4874-7 010 $a1-4698-1297-5 035 $a(CKB)2430000000023087 035 $a(CaPaEBR)ebrary10824288 035 $a(SSID)ssj0000371508 035 $a(PQKBManifestationID)12110978 035 $a(PQKBTitleCode)TC0000371508 035 $a(PQKBWorkID)10411812 035 $a(PQKB)10462809 035 $a(MiAaPQ)EBC2032082 035 $a(Au-PeEL)EBL2032082 035 $a(CaPaEBR)ebr10824288 035 $a(OCoLC)908075699 035 $a(EXLCZ)992430000000023087 100 $a20090202h20092009 uy| 0 101 0 $aeng 135 $aurcnu|||||||| 181 $ctxt 182 $cc 183 $acr 200 10$aSurgical exposures in orthopaedics $ethe anatomic approach /$fStanley Hoppenfeld, Piet deBoer, Richard Buckley ; illustrations by Hugh A. Thomas 205 $aFourth edition. 210 1$aPhiladelphia :$cWolters Kluwer/Lippincott Williams & Wilkins Health,$d[2009] 210 4$dİ2009 215 $a1 online resource (767 p.) 300 $aBibliographic Level Mode of Issuance: Monograph 311 $a0-7817-7623-6 320 $aIncludes bibliographical references and index. 327 $aThe shoulder -- The humerus -- The elbow -- The forearm -- The wrist and hand -- The spine -- Pelvis and acetabulum -- The hip -- The femur -- The knee -- The tibia and fibula -- The ankle and foot -- Approaches for external fixation. 606 $aOrthopedic surgery 606 $aAnatomy, Surgical and topographical 608 $aElectronic books. 615 0$aOrthopedic surgery. 615 0$aAnatomy, Surgical and topographical. 676 $a617.4/7 700 $aHoppenfeld$b Stanley$f1934-2020.$0958600 701 $aDeBoer$b Piet$0958601 701 $aBuckley$b Richard$g(Richard Eric),$f1958-$0958602 701 $aThomas$b Hugh A$0958603 801 0$bMiAaPQ 801 1$bMiAaPQ 801 2$bMiAaPQ 906 $aBOOK 912 $a9910456606603321 996 $aSurgical exposures in orthopaedics$92172181 997 $aUNINA LEADER 04226nam 22006735 450 001 9910254849303321 005 20251225205445.0 010 $a3-319-67540-0 024 7 $a10.1007/978-3-319-67540-4 035 $a(CKB)4100000000587315 035 $a(DE-He213)978-3-319-67540-4 035 $a(MiAaPQ)EBC5588890 035 $a(PPN)204534704 035 $a(EXLCZ)994100000000587315 100 $a20170915d2017 u| 0 101 0 $aeng 135 $aurnn#008mamaa 181 $ctxt$2rdacontent 182 $cc$2rdamedia 183 $acr$2rdacarrier 200 10$aGame Theory for Networks $e7th International EAI Conference, GameNets 2017 Knoxville, TN, USA, May 9, 2017, Proceedings /$fedited by Lingjie Duan, Anibal Sanjab, Husheng Li, Xu Chen, Donatello Materassi, Rachid Elazouzi 205 $a1st ed. 2017. 210 1$aCham :$cSpringer International Publishing :$cImprint: Springer,$d2017. 215 $a1 online resource (X, 173 p. 35 illus.) 225 1 $aLecture Notes of the Institute for Computer Sciences, Social Informatics and Telecommunications Engineering,$x1867-822X ;$v212 311 08$a3-319-67539-7 327 $aNash Equilibrium Seeking with Non-doubly Stochastic Communication Weight Matrix -- A multitype Hawk and Dove game -- Assortative Mixing Equilibria in Social Network Games -- Nash Equilibrium and Stability in Network Selection Games -- On the Finite Population Evolutionary Stable Strategy Equilibrium for Perfect Information Extensive Form Games Application of Network Games -- Designing Cyber Insurance Policies: Mitigating Moral Hazard Through Security Pre-Screening -- A Game-Theoretic Model for Analysis and Design of Self-Organization Mechanisms in IoT -- A Dynamic Incentive Mechanism for Security in Networks of Interdependent Agents -- Rules for Computing Resistance of Transitions of Learning Algorithms in Games -- Optimal Control of Multi-Strain Epidemic Processes in Complex Networks -- Better Late than Never: Efficient Transmission of Wide Area Measurements in Smart Grids -- Energy Trading Game for Microgrids Using Reinforcement Learning -- Comparing Customer Taste Distributions in Vertically Differentiated Mobile Service Markets -- Risk Management using Cyber-Threat Information Sharing and Cyber-Insurance -- Paradoxes in a Multi-criteria Routing Game. 330 $aThis book constitutes the refereed proceedings of the 7th EAI International Conference on Game Theory for Networks, GameNets 2017, held in Knoxville, Tennessee, USA, in May 2017. The 10 conference papers and 5 invited papers presented cover topics such as smart electric grid, Internet of Things (IoT), social networks, networks security, mobile service markets, and epidemic control. 410 0$aLecture Notes of the Institute for Computer Sciences, Social Informatics and Telecommunications Engineering,$x1867-822X ;$v212 606 $aComputer networks 606 $aArtificial intelligence 606 $aNumerical analysis 606 $aApplication software 606 $aComputer Communication Networks 606 $aArtificial Intelligence 606 $aNumerical Analysis 606 $aComputer and Information Systems Applications 615 0$aComputer networks. 615 0$aArtificial intelligence. 615 0$aNumerical analysis. 615 0$aApplication software. 615 14$aComputer Communication Networks. 615 24$aArtificial Intelligence. 615 24$aNumerical Analysis. 615 24$aComputer and Information Systems Applications. 676 $a004 702 $aDuan$b Lingjie$4edt$4http://id.loc.gov/vocabulary/relators/edt 702 $aSanjab$b Anibal$4edt$4http://id.loc.gov/vocabulary/relators/edt 702 $aLi$b Husheng$4edt$4http://id.loc.gov/vocabulary/relators/edt 702 $aChen$b Xu$c(Engineer)$4edt$4http://id.loc.gov/vocabulary/relators/edt 702 $aMaterassi$b Donatello$4edt$4http://id.loc.gov/vocabulary/relators/edt 702 $aElazouzi$b Rachid$4edt$4http://id.loc.gov/vocabulary/relators/edt 801 0$bMiAaPQ 801 1$bMiAaPQ 801 2$bMiAaPQ 906 $aBOOK 912 $a9910254849303321 996 $aGame Theory for Networks$92503764 997 $aUNINA